Online Catalogue and eLibrary

Art, Truth and Politics (Record no. 5726)

MARC details
000 -LEADER
fixed length control field 00376nam a2200157Ia 4500
005 - DATE AND TIME OF LATEST TRANSACTION
control field 20240607010353.0
008 - FIXED-LENGTH DATA ELEMENTS--GENERAL INFORMATION
fixed length control field 240331s9999 xx 000 0 und d
020 ## - INTERNATIONAL STANDARD BOOK NUMBER
ISBN 8188789461
082 ## - DDC Classification
Item Number - Author Mark PIN
Class No. 371
100 ## - MAIN ENTRY--PERSONAL NAME
Personal name Pinter,H
245 #0 - TITLE STATEMENT
Title Art, Truth and Politics
260 ## - PUBLICATION, DISTRIBUTION, ETC.
Name of publisher, distributor, etc. Three Essays Collective
Date of publication, distribution, etc. 2006
Place of publication, distribution, etc. New Delhi
300 ## - PHYSICAL DESCRIPTION
Extent (e.g. Volumes, Pages etc.) 23 p.,
650 ## - SUBJECT ADDED ENTRY--TOPICAL TERM
Topical term or geographic name entry element Politics
942 ## - Koha item type (Biblio)
Koha item type Books in Stacks (Lending)
Holdings
Lost status Damaged status Collection code Home library Current library Shelving location Date acquired Full call number Accession Number Item type
    Lending WERC Library WERC Library Social Science Cupboard 03/31/2024 371 PIN 6726 Books in Stacks (Lending)

© WERC Library